| 000 | 00430nam a22001817a 4500 | ||
|---|---|---|---|
| 003 | MPLRDC | ||
| 005 | 20220104123356.0 | ||
| 008 | 210129b ||||| |||| 00| 0 eng d | ||
| 020 | _a7-5366-1658-9 | ||
| 082 | _a435.49 SJH | ||
| 100 | _a史建慧编著 | ||
| 245 |
_a干燥花艺术 _c |
||
| 250 | _a一版一刷 | ||
| 260 |
_a _b重庆出版社 _c1992 |
||
| 300 | _b平 | ||
| 650 | _a观赏园艺 | ||
| 942 |
_cBK _o435.49 SJH |
||
| 999 |
_c10930 _d10920 |
||